000 00385nam a2200157 a 4500
005 20140414132115.0
008 121029s19uu xx 00 eng d
020 _a0786835214
050 _aER
_bP187 2005
100 _aPeter Pan
245 _aMy side of the story.
260 _aNew York :
_bDisney Enterprises,
_c2005.
300 _a71
650 _aFairy tales.
999 _c114873
_d114873